Statistics for Tbilisi Airport Destinations

Click here to take the quiz!

General Stats

  • This quiz has been taken 74 times
  • The average score is 34 of 42

Answer Stats

ContinentCountryAnswer% Correct
AsiaChinaBeijing
100%
EuropeTurkeyIstanbul
100%
EuropeUkraineKiev
100%
EuropeUnited KingdomLondon
100%
EuropeLuxembourgLuxembourg
100%
EuropeFranceParis
100%
AsiaIsraelTel Aviv
100%
EuropeNetherlandsAmsterdam
98%
EuropeGermanyBerlin
98%
EuropeRomaniaBucharest
98%
AsiaUnited Arab EmiratesDubai
98%
EuropeBelarusMinsk
98%
EuropeRussiaMoscow
98%
EuropeCzech RepublicPrague
98%
EuropeLatviaRiga
98%
EuropeAustriaVienna
98%
EuropePolandWarsaw
98%
EuropeGreeceAthens
96%
EuropeAzerbaijanBaku
96%
EuropeSpainBarcelona
96%
EuropeBelgiumBrussels
96%
AsiaMalaysiaKuala Lumpur
96%
AsiaKuwaitKuwait
96%
EuropeRussiaSaint Petersburg
96%
AsiaSingaporeSingapore
96%
AsiaIranTehran
96%
EuropeGermanyMunich
95%
AsiaKazakhstanAstana
93%
EuropeArmeniaYerevan
93%
AsiaKazkahstanAlmaty
88%
EuropeSlovakiaBratislava
88%
EuropeGermanyDusseldorf
73%
AsiaBahrainBahrain
64%
EuropeRussiaSochi
63%
EuropeRussiaNovosibirsk
57%
AsiaUnited Arab EmiratesSharjah
46%
AsiaChinaUrumqi
41%
EuropeRussiaRostov On Don
36%
EuropeItalyBologna
34%
AsiaKazakhstanAktau
23%
EuropeRussiaMineralnye Vody
4%
EuropeRussiaYekatrinburg
0%

Score Distribution

Percentile by Number Answered

Percent of People with Each Score

Your Score History

You have not taken this quiz